[Event "Steinfurt Bezirksliga 1819"]
[Site "Germany"]
[Date "2019.02.16"]
[Round "7.1"]
[White "Bauer, Alfred"]
[Black "Hartmann, Eugen"]
[Result "0-1"]
[WhiteElo "1502"]
[BlackElo "1772"]
[PlyCount "127"]
[EventDate "2018.09.01"]
[EventType "team-tourn"]
[EventRounds "10"]
[EventCountry "GER"]
[SourceTitle "EXT 2020"]
[Source "ChessBase"]
[SourceDate "2019.10.17"]
[SourceVersion "1"]
[SourceVersionDate "2019.10.17"]
[SourceQuality "1"]
[WhiteTeam "Steinfurt III"]
[BlackTeam "Ibbenbueren II"]
[WhiteTeamCountry "GER"]
[BlackTeamCountry "GER"]

1. e4 c6 2. Nf3 d5 3. exd5 cxd5 4. d4 a6 5. h3 Bf5 6. Nc3 Nf6 7. a3 e6 8. Bf4 Nc6 9. b4 b5 10. Nh4 Ne4 11. Nxe4 Bxe4 12. Nf3 Bxf3 13. gxf3 Qf6 14. Be3 Bd6 15. Bd3 Bf4 16. Qe2 Nxd4 17. Bxd4 Qxd4 18. 0-0 0-0 19. Rad1 Qf6 20. Kh1 Qh4 21. Kg2 Bd6 22. Rh1 Rac8 23. Qe1 Qg5+ 24. Kf1 Qf6 25. Kg2 Rc3 26. Ra1 Rfc8 27. Qd1 g6 28. h4 h5 29. Qg1 Kh8 30. Rh3 Rg8 31. Kh1 Kg7 32. Qe1 Rgc8 33. Kg2 Be7 34. Qh1 Qd4 35. Rh2 Bd8 36. Rh3 Bb6 37. Qe1 Rxc2 38. Bxc2 Rxc2 39. Rd1 Rxf2+ 40. Kh1 Qb2 41. Rd3 Bc7 42. Qc3+ Be5 43. Qxb2 Bxb2 44. Kg1 Rc2 45. Kf1 Rc4 46. Kg2 Kf8 47. Rh1 Ke7 48. Kf2 Kd6 49. Rh3 Bf6 50. Kg3 e5 51. Rh1 Bd8 52. Rh3 f5 53. Rh1 Ke6 54. Rh3 Rc2 55. Rh1 Bc7 56. Kh3 e4 57. Rdd1 Rc3 58. Rc1 Rxf3+ 59. Kg2 Bd6 60. Rh3 Rxh3 61. Kxh3 f4 62. Rg1 f3 63. Rxg6+ Ke5 64. Kg3 0-1

[Event "Steinfurt Bezirksliga 1819"]
[Site "Germany"]
[Date "2018.12.15"]
[Round "5.1"]
[White "Gatterdam, Karl Heinz"]
[Black "Hartmann, Eugen"]
[Result "1/2-1/2"]
[WhiteElo "1678"]
[BlackElo "1772"]
[PlyCount "102"]
[EventDate "2018.09.01"]
[EventType "team-tourn"]
[EventRounds "10"]
[EventCountry "GER"]
[SourceTitle "EXT 2020"]
[Source "ChessBase"]
[SourceDate "2019.10.17"]
[SourceVersion "1"]
[SourceVersionDate "2019.10.17"]
[SourceQuality "1"]
[WhiteTeam "Emsdetten Rochade IV"]
[BlackTeam "Ibbenbueren II"]
[WhiteTeamCountry "GER"]
[BlackTeamCountry "GER"]

1. d4 d5 2. c4 dxc4 3. Nf3 Nf6 4. e3 c5 5. Bxc4 cxd4 6. exd4 e6 7. 0-0 Be7 8. Nc3 0-0 9. Re1 Nbd7 10. a3 a6 11. Ba2 Nb6 12. Be3 Nfd5 13. Rc1 Nxe3 14. fxe3 Re8 15. e4 Bd6 16. Qd2 Bd7 17. e5 Be7 18. Ne4 Bc6 19. Qf4 Nd5 20. Qg3 h6 21. Rc2 Kh8 22. Qf2 Rf8 23. Nc3 Nxc3 24. Rxc3 Qd7 25. Bb1 Rac8 26. Qe2 g6 27. Qd2 Kg7 28. Qf4 Rcd8 29. Rd1 Qd5 30. h4 h5 31. Rd2 b5 32. Ng5 b4 33. Rf3 f5 34. Rg3 bxa3 35. bxa3 Rb8 36. Ba2 Qa5 37. Nxe6+ Kh7 38. Nxf8+ Rxf8 39. d5 Rd8 40. d6 Bxh4 41. Qxh4 Qxe5 42. Qxd8 Qxg3 43. Qe7+ Kh6 44. d7 Be4 45. Qf8+ Kh7 46. Qg8+ Kh6 47. Qh8+ Kg5 48. d8Q+ Kg4 49. Re2 Qf4 50. Rxe4 fxe4 51. Qd1+ Kg5 1/2-1/2

[Event "Steinfurt Bezirksliga 1718"]
[Site "Germany"]
[Date "2017.11.11"]
[Round "2.1"]
[White "Teschler, Ansgar"]
[Black "Hartmann, Eugen"]
[Result "0-1"]
[WhiteElo "1715"]
[BlackElo "1777"]
[PlyCount "86"]
[EventDate "2017.09.23"]
[EventType "team-tourn"]
[EventRounds "7"]
[EventCountry "GER"]
[SourceTitle "EXT 2019"]
[Source "ChessBase"]
[SourceDate "2018.10.10"]
[SourceVersion "1"]
[SourceVersionDate "2018.10.10"]
[SourceQuality "1"]
[WhiteTeam "Emsdetten Rochade V"]
[BlackTeam "Ibbenbueren"]
[WhiteTeamCountry "GER"]
[BlackTeamCountry "GER"]

1. d4 d5 2. c4 Nf6 3. cxd5 Nxd5 4. e4 Nb6 5. Nf3 Bg4 6. Be3 e6 7. Nc3 N8d7 8. Be2 Be7 9. 0-0 0-0 10. a4 Nf6 11. a5 Nbd7 12. a6 b6 13. h3 Bh5 14. Qb3 Bg6 15. Nd2 c5 16. e5 cxd4 17. Bxd4 Bc5 18. exf6 Bxd4 19. fxg7 Kxg7 20. Nf3 Nc5 21. Qb4 Bf6 22. Rfd1 Qe7 23. Rd2 Rfd8 24. Rad1 Rxd2 25. Rxd2 Rd8 26. Nd4 Ne4 27. Qxe7 Bxe7 28. Nxe4 Bxe4 29. Bf3 Bg6 30. Nb3 Rxd2 31. Nxd2 Bd3 32. Bb7 Bf6 33. b3 Bc3 34. Ne4 b5 35. Nd6 Bb4 36. Nc8 Bc5 37. b4 Bd4 38. g3 Kf6 39. Kg2 e5 40. f4 e4 41. Nd6 e3 42. Ne4+ Bxe4+ 43. Bxe4 e2 0-1

[Event "Steinfurt Bezirksliga 1516"]
[Site "Germany"]
[Date "2015.12.19"]
[Round "4.1"]
[White "Hartmann, Eugen"]
[Black "Horstmann, Michael"]
[Result "1/2-1/2"]
[WhiteElo "1797"]
[BlackElo "1680"]
[PlyCount "114"]
[EventDate "2015.09.19"]
[EventType "team-tourn"]
[EventRounds "9"]
[EventCountry "GER"]
[SourceTitle "EXT 2017"]
[Source "ChessBase"]
[SourceDate "2016.10.25"]
[SourceVersion "1"]
[SourceVersionDate "2016.10.25"]
[SourceQuality "1"]
[WhiteTeam "Ibbenbueren II"]
[BlackTeam "Emsdetten Rochade IV"]
[WhiteTeamCountry "GER"]
[BlackTeamCountry "GER"]

1. d4 Nf6 2. Nf3 e6 3. Bg5 d5 4. e3 Be7 5. c4 h6 6. Bh4 0-0 7. Nc3 Nbd7 8. Bd3 dxc4 9. Bxc4 Nb6 10. Bd3 Nfd5 11. Bg3 Bd6 12. Bxd6 cxd6 13. Rc1 Nxc3 14. bxc3 d5 15. 0-0 Bd7 16. Ne5 Rc8 17. Qh5 Ba4 18. f4 Nd7 19. Nxd7 Bxd7 20. g4 f5 21. gxf5 exf5 22. c4 Qe7 23. Qf3 dxc4 24. Bxc4+ Kh8 25. Bd5 Bc6 26. Bxc6 Rxc6 27. Rxc6 bxc6 28. Rc1 Rc8 29. Rc5 Qe6 30. Qe2 Re8 31. Kf2 Qf6 32. Qf3 Re4 33. Ra5 Qf7 34. Qh3 Re8 35. Qxf5 Qb7 36. Rc5 Qb2+ 37. Qc2 Qa1 38. Qe2 Qh1 39. Qh5 Qe4 40. Qf3 Qb1 41. Qxc6 Qxa2+ 42. Rc2 Qf7 43. Rb2 Qe7 44. Qf3 a5 45. Rb7 Qf8 46. Qh5 Ra8 47. Qf7 Qxf7 48. Rxf7 a4 49. Rc7 a3 50. Rc1 a2 51. Ra1 Kg8 52. h4 Kf7 53. Kf3 Kf6 54. d5 g6 55. e4 Ra3+ 56. Kg2 h5 57. e5+ Ke7 1/2-1/2

[Event "Steinfurt Bezirksliga 1415"]
[Site "Germany"]
[Date "2015.01.31"]
[Round "6.1"]
[White "Hartmann, Eugen"]
[Black "Roewekamp, Andre"]
[Result "1-0"]
[WhiteElo "1793"]
[BlackElo "1626"]
[PlyCount "91"]
[EventDate "2014.09.06"]
[EventType "team-tourn"]
[EventRounds "9"]
[EventCountry "GER"]
[SourceTitle "EXT 2016"]
[Source "ChessBase"]
[SourceDate "2015.10.08"]
[SourceVersion "1"]
[SourceVersionDate "2015.10.08"]
[SourceQuality "1"]
[WhiteTeam "Ibbenbueren II"]
[BlackTeam "Reckenfeld"]
[WhiteTeamCountry "GER"]
[BlackTeamCountry "GER"]

1. d4 d5 2. c4 Nf6 3. Nc3 e6 4. Bg5 Be7 5. Nf3 0-0 6. e3 h6 7. Bh4 Nc6 8. Rc1 a6 9. Bd3 Nb4 10. Bb1 dxc4 11. Ne5 Nfd5 12. Bxe7 Qxe7 13. a3 Nxc3 14. Rxc3 Nd3+ 15. Nxd3 cxd3 16. Qxd3 g6 17. h4 f5 18. Qc2 c6 19. Rc5 Bd7 20. h5 g5 21. Ba2 Rf6 22. Rxf5 Raf8 23. Rxf6 Qxf6 24. Bb1 Qf5 25. e4 Qf6 26. e5 Qf5 27. Qxf5 exf5 28. Ba2+ Kg7 29. Kd2 Rd8 30. Ke3 Kf8 31. f3 Ke7 32. b4 f4+ 33. Ke4 Rf8 34. d5 Bf5+ 35. Kd4 cxd5 36. Rc1 Kd7 37. Rc5 Be6 38. Bxd5 Bxd5 39. Rxd5+ Ke7 40. Rd6 Rc8 41. Rxh6 Rc2 42. Rg6 Rxg2 43. Ke4 Rg3 44. Rg7+ Kf8 45. h6 b5 46. e6 1-0

[Event "Muensterland Verbandsklasse 1415"]
[Site "Germany"]
[Date "2014.11.15"]
[Round "3.7"]
[White "Van de Vyle, Jan"]
[Black "Hartmann, Eugen"]
[Result "1/2-1/2"]
[WhiteElo "1692"]
[BlackElo "1790"]
[PlyCount "44"]
[EventDate "2014.09.13"]
[EventType "team-tourn"]
[EventRounds "9"]
[EventCountry "GER"]
[SourceTitle "EXT 2016"]
[Source "ChessBase"]
[SourceDate "2015.10.08"]
[SourceVersion "1"]
[SourceVersionDate "2015.10.08"]
[SourceQuality "1"]
[WhiteTeam "Nienberge II"]
[BlackTeam "Ibbenbueren"]
[WhiteTeamCountry "GER"]
[BlackTeamCountry "GER"]

1. Nc3 c6 2. d4 d5 3. e4 dxe4 4. Nxe4 Bf5 5. Ng3 Bg6 6. Nf3 Qc7 7. Ne5 Nd7 8. Nxg6 hxg6 9. Qf3 e6 10. Bf4 Bd6 11. Bxd6 Qxd6 12. 0-0-0 Ngf6 13. Bc4 0-0-0 14. h3 Nb6 15. Bb3 Rh4 16. Ne2 Rdh8 17. Rhe1 R8h5 18. Ng3 Rh8 19. Ne4 Nxe4 20. Rxe4 Rxe4 21. Qxe4 Rd8 22. c3 Nd5 1/2-1/2

[Event "Steinfurt Bezirksliga 1314"]
[Site "Germany"]
[Date "2014.03.22"]
[Round "7.1"]
[White "Hartmann, Eugen"]
[Black "Santos Brito, Daniel"]
[Result "0-1"]
[WhiteElo "1769"]
[BlackElo "1948"]
[PlyCount "106"]
[EventDate "2013.09.14"]
[EventType "team-tourn"]
[EventRounds "9"]
[EventCountry "GER"]
[SourceTitle "EXT 2015"]
[Source "ChessBase"]
[SourceDate "2014.11.20"]
[SourceVersion "1"]
[SourceVersionDate "2014.11.20"]
[SourceQuality "1"]
[WhiteTeam "Ibbenbueren II"]
[BlackTeam "Neuenkirchen II"]
[WhiteTeamCountry "GER"]
[BlackTeamCountry "GER"]

1. d4 Nf6 2. c4 d6 3. Nf3 g6 4. Nc3 Bg7 5. e3 0-0 6. h3 c6 7. Bd3 Qc7 8. 0-0 Nbd7 9. Qc2 e5 10. Bd2 Re8 11. b4 b6 12. a4 Bb7 13. Ne1 Re7 14. f4 Rae8 15. f5 e4 16. Be2 c5 17. Nb5 Qb8 18. bxc5 bxc5 19. Rb1 cxd4 20. Nxd4 Nc5 21. Nc6 Bxc6 22. Rxb8 Rxb8 23. fxg6 hxg6 24. Bc3 Nfd7 25. Bxg7 Kxg7 26. Qc3+ Ne5 27. Qd4 Re6 28. a5 f5 29. g4 Nb3 30. Qxa7+ Rb7 31. Qa8 Re8 32. Qa6 Nc5 33. Qxb7+ Bxb7 34. gxf5 gxf5 35. Rxf5 Ned3 36. Nxd3 Nxd3 37. Bg4 Re5 38. Rf1 Rxa5 39. Be6 Ne5 40. Rd1 Nd3 41. Rf1 Rg5+ 42. Kh1 Ne5 43. Rb1 Bc6 44. Bg4 Nxc4 45. Rc1 Bd5 46. Re1 Ne5 47. Rd1 Nxg4 48. hxg4 Kf6 49. Kh2 Ke5 50. Kh3 Be6 51. Rg1 Rg8 52. Kh4 Rh8+ 53. Kg5 Rh3 0-1

[Event "Steinfurt Bezirksliga 1213"]
[Site "Germany"]
[Date "2012.12.22"]
[Round "4.1"]
[White "Hedwig, Johannes"]
[Black "Hartmann, Eugen"]
[Result "1-0"]
[WhiteElo "1753"]
[BlackElo "1728"]
[PlyCount "39"]
[EventDate "2012.09.22"]
[EventType "team-tourn"]
[EventRounds "9"]
[EventCountry "GER"]
[SourceTitle "EXT 2015"]
[Source "ChessBase"]
[SourceDate "2014.11.20"]
[SourceVersion "1"]
[SourceVersionDate "2014.11.20"]
[SourceQuality "1"]
[WhiteTeam "Emsdetten Rochade II"]
[BlackTeam "Ibbenbueren II"]
[WhiteTeamCountry "GER"]
[BlackTeamCountry "GER"]

1. e4 c6 2. d4 d5 3. exd5 cxd5 4. c4 Nf6 5. Nc3 Nc6 6. Bg5 dxc4 7. d5 Ne5 8. Qd4 Nd3+ 9. Bxd3 cxd3 10. Qxd3 Qb6 11. Nge2 Bd7 12. 0-0 g6 13. d6 Bf5 14. Qd4 Qxd4 15. Nxd4 0-0-0 16. Nxf5 gxf5 17. dxe7 Bxe7 18. Rfe1 Rhe8 19. Rxe7 Rxe7 20. Bxf6 1-0

[Event "Steinfurt Bezirksliga 1112"]
[Site "Germany"]
[Date "2012.05.05"]
[Round "8.1"]
[White "Horstmann, Michael"]
[Black "Hartmann, Eugen"]
[Result "0-1"]
[WhiteElo "1674"]
[BlackElo "1718"]
[PlyCount "54"]
[EventDate "2011.10.01"]
[EventType "team-tourn"]
[EventRounds "9"]
[EventCountry "GER"]
[SourceTitle "EXT 2013"]
[Source "ChessBase"]
[SourceDate "2012.11.22"]
[SourceVersion "1"]
[SourceVersionDate "2012.11.22"]
[SourceQuality "1"]
[WhiteTeam "Emsdetten Rochade III"]
[BlackTeam "Ibbenbueren II"]
[WhiteTeamCountry "GER"]
[BlackTeamCountry "GER"]

1. e4 c6 2. Nf3 d5 3. Nc3 Bg4 4. h3 Bh5 5. exd5 cxd5 6. Bb5+ Nc6 7. g4 Bg6 8. Ne5 Rc8 9. d4 e6 10. Bxc6+ bxc6 11. h4 f6 12. Nxg6 hxg6 13. Qd3 Ne7 14. Bd2 c5 15. dxc5 Rxc5 16. b3 e5 17. f3 Qc8 18. Rc1 f5 19. Na4 e4 20. fxe4 dxe4 21. Qe2 Rxc2 22. Qd1 Rxc1 23. Bxc1 Qc7 24. Kf2 Nc6 25. Qd5 Bd6 26. Qe6+ Ne7 27. Bg5 Qc2+ 0-1

[Event "Steinfurt Bezirksliga 1112"]
[Site "Germany"]
[Date "2012.01.07"]
[Round "4.1"]
[White "Terhorst, Timo"]
[Black "Hartmann, Eugen"]
[Result "1-0"]
[WhiteElo "1569"]
[BlackElo "1718"]
[PlyCount "77"]
[EventDate "2011.10.01"]
[EventType "team-tourn"]
[EventRounds "9"]
[EventCountry "GER"]
[SourceTitle "EXT 2013"]
[Source "ChessBase"]
[SourceDate "2012.11.22"]
[SourceVersion "1"]
[SourceVersionDate "2012.11.22"]
[SourceQuality "1"]
[WhiteTeam "Rheine SG"]
[BlackTeam "Ibbenbueren II"]
[WhiteTeamCountry "GER"]
[BlackTeamCountry "GER"]

1. Nf3 d5 2. c4 Nf6 3. cxd5 Nxd5 4. e4 Nb6 5. d4 Bg4 6. Be2 e6 7. 0-0 Nc6 8. Be3 Bd6 9. Nbd2 0-0 10. Rc1 a6 11. a3 h6 12. Qb3 Qd7 13. e5 Be7 14. Rfd1 Qd5 15. Bc4 Nxc4 16. Qxc4 Qd7 17. Ne4 Rfd8 18. Rd2 Na5 19. Qa2 b5 20. Rdc2 c6 21. Nfd2 Be2 22. Ng3 Bc4 23. Nxc4 Nxc4 24. b3 Nxe3 25. fxe3 Bg5 26. Rc3 Qd5 27. Qf2 Rdc8 28. Rf1 Rc7 29. Qf3 c5 30. Ne4 c4 31. Nd6 f6 32. Qxd5 exd5 33. Rd1 Re7 34. Nf5 Re6 35. h4 g6 36. hxg5 gxf5 37. gxf6 a5 38. b4 axb4 39. axb4 1-0

[Event "Steinfurt Bezirksliga 1112"]
[Site "Germany"]
[Date "2011.11.05"]
[Round "2.1"]
[White "Just, Sergey"]
[Black "Hartmann, Eugen"]
[Result "1-0"]
[WhiteElo "1691"]
[BlackElo "1718"]
[PlyCount "115"]
[EventDate "2011.10.01"]
[EventType "team-tourn"]
[EventRounds "9"]
[EventCountry "GER"]
[SourceTitle "EXT 2013"]
[Source "ChessBase"]
[SourceDate "2012.11.22"]
[SourceVersion "1"]
[SourceVersionDate "2012.11.22"]
[SourceQuality "1"]
[WhiteTeam "Steinfurt II"]
[BlackTeam "Ibbenbueren II"]
[WhiteTeamCountry "GER"]
[BlackTeamCountry "GER"]

1. d4 c6 2. Nf3 d5 3. Bf4 Bf5 4. e3 Qb6 5. b3 e6 6. Bd3 Ne7 7. 0-0 Nd7 8. Nc3 c5 9. Na4 Qc6 10. dxc5 Bxd3 11. Qxd3 Ng6 12. Nd4 Nxc5 13. Nxc5 Nxf4 14. Nxc6 Nxd3 15. Nxb7 Kd7 16. Nba5 Nb4 17. Ne5+ Ke7 18. Nac6+ Nxc6 19. Nxc6+ Kd6 20. Nd4 g5 21. Rac1 Bg7 22. Rfd1 Bxd4 23. Rxd4 Rhc8 24. c4 a5 25. Rcd1 Rc5 26. e4 f6 27. exd5 e5 28. Re4 Rb8 29. g3 a4 30. Rb1 f5 31. Ree1 g4 32. Kg2 e4 33. Kf1 Ke5 34. Red1 Rb6 35. Ke2 Rh6 36. Ke3 Rb6 37. Rh1 Rh6 38. Rbc1 Rb6 39. Rc3 Rc8 40. h4 Rc5 41. Rd1 axb3 42. axb3 h5 43. Rd2 Rf6 44. b4 Rc8 45. c5 f4+ 46. gxf4+ Rxf4 47. Ke2 Rcf8 48. Ke1 Ra8 49. d6 Ra1+ 50. Rd1 Ra2 51. Rd2 Ra1+ 52. Ke2 Rf3 53. d7 Ra8 54. Rxf3 gxf3+ 55. Kd1 Ra1+ 56. Kc2 Ra2+ 57. Kc1 e3 58. Rxa2 1-0

[Event "Steinfurt Bezirksliga 1011"]
[Site "Germany"]
[Date "2011.03.26"]
[Round "7.2"]
[White "Lueke, Reinhard"]
[Black "Hartmann, Eugen"]
[Result "1/2-1/2"]
[WhiteElo "1898"]
[BlackElo "1713"]
[PlyCount "118"]
[EventDate "2010.10.02"]
[EventType "team-tourn"]
[EventRounds "9"]
[EventCountry "GER"]
[SourceTitle "EXT 2012"]
[Source "ChessBase"]
[SourceDate "2011.11.24"]
[SourceVersion "1"]
[SourceVersionDate "2011.11.24"]
[SourceQuality "1"]
[WhiteTeam "Emsdetten Turm III"]
[BlackTeam "Ibbenbueren II"]
[WhiteTeamCountry "GER"]
[BlackTeamCountry "GER"]

1. c4 Nf6 2. Nc3 d5 3. cxd5 Nxd5 4. e4 Nxc3 5. bxc3 g6 6. d4 Bg7 7. Bc4 0-0 8. Be3 c5 9. Ne2 cxd4 10. cxd4 Qa5+ 11. Qd2 Nc6 12. Rd1 Qxd2+ 13. Rxd2 a6 14. 0-0 Bd7 15. d5 Ne5 16. Bb3 Rfc8 17. Rfd1 Nc4 18. Bxc4 Rxc4 19. f3 Ba4 20. Rb1 b5 21. Nd4 b4 22. Kf2 Rac8 23. f4 Bxd4 24. Bxd4 Rc2 25. Rb2 Rxd2+ 26. Rxd2 Bb5 27. e5 a5 28. d6 Kf8 29. Bb6 exd6 30. exd6 Ke8 31. Bxa5 Rc4 32. g3 Kd7 33. Kf3 Bc6+ 34. Kf2 h5 35. Rb2 Kxd6 36. Bxb4+ Ke6 37. a3 h4 38. Re2+ Be4 39. Ke3 hxg3 40. hxg3 Kf5 41. Rd2 Bc6 42. Rd6 Re4+ 43. Kf2 Rc4 44. Ke3 Re4+ 45. Kd2 Re6 46. Rxe6 Kxe6 47. g4 Kd5 48. Kc3 Bd7 49. g5 Ba4 50. Be7 Kc6 51. Kb4 Bc2 52. a4 Kb6 53. a5+ Ka6 54. Bd8 Bf5 55. Kc5 Be6 56. Kd6 Bb3 57. Ke7 Bc4 58. Kf6 Bb3 59. f5 gxf5 1/2-1/2

[Event "Steinfurt Bezirksliga 1011"]
[Site "Germany"]
[Date "2010.11.06"]
[Round "2.2"]
[White "Hartmann, Eugen"]
[Black "Woeste, Georg"]
[Result "0-1"]
[WhiteElo "1713"]
[BlackElo "1802"]
[PlyCount "65"]
[EventDate "2010.10.02"]
[EventType "team-tourn"]
[EventRounds "9"]
[EventCountry "GER"]
[SourceTitle "EXT 2012"]
[Source "ChessBase"]
[SourceDate "2011.11.24"]
[SourceVersion "1"]
[SourceVersionDate "2011.11.24"]
[SourceQuality "1"]
[WhiteTeam "Ibbenbueren II"]
[BlackTeam "Reckenfeld"]
[WhiteTeamCountry "GER"]
[BlackTeamCountry "GER"]

1. Nf3 Nf6 2. d4 e6 3. c4 b6 4. Bg5 Be7 5. Nc3 Bb7 6. e3 d5 7. Rc1 Nbd7 8. Bf4 a6 9. cxd5 exd5 10. Bxc7 Qxc7 11. Nxd5 Qd8 12. Nc7+ Kf8 13. Nxa8 Qxa8 14. a3 b5 15. Be2 h6 16. 0-0 g5 17. Ne1 h5 18. Bf3 Ne4 19. Bxh5 Ndf6 20. Bf3 Qb8 21. g3 Bd6 22. Bg2 g4 23. Rc2 Ng5 24. Bxb7 Nh3+ 25. Kg2 Qxb7+ 26. f3 Ng5 27. Qc1 Kg7 28. Rc6 gxf3+ 29. Nxf3 Nxf3 30. Rxf3 Qd7 31. h4 Ne4 32. Qc2 Rxh4 33. Kg1 0-1

[Event "Steinfurt Bezirksliga 0910"]
[Site "Germany"]
[Date "2009.09.12"]
[Round "1.1"]
[White "Hartmann, Eugen"]
[Black "Lagemann, Stefan"]
[Result "1-0"]
[WhiteElo "1658"]
[BlackElo "1998"]
[PlyCount "73"]
[EventDate "2009.09.12"]
[EventType "team-tourn"]
[EventRounds "9"]
[EventCountry "GER"]
[SourceTitle "EXT 2011"]
[Source "ChessBase"]
[SourceDate "2010.11.26"]
[SourceVersion "1"]
[SourceVersionDate "2010.11.26"]
[SourceQuality "1"]
[WhiteTeam "Ibbenbueren II"]
[BlackTeam "Westerkappeln"]
[WhiteTeamCountry "GER"]
[BlackTeamCountry "GER"]

1. d4 Nf6 2. c4 c5 3. Nf3 cxd4 4. Nxd4 e5 5. Nc2 b5 6. cxb5 a6 7. Bg5 axb5 8. Bxf6 Qxf6 9. Qd5 Nc6 10. Nc3 Be7 11. e3 b4 12. Ne4 Qe6 13. Qxe6 fxe6 14. Bc4 Bb7 15. Nd2 d5 16. Bb5 0-0 17. 0-0 Ra5 18. a4 bxa3 19. Bxc6 Bxc6 20. Nxa3 Rb8 21. Nf3 Bf6 22. Rfe1 Ra6 23. Reb1 Rab6 24. Ra2 Be8 25. Nc2 Bg6 26. Nfe1 Rb3 27. f3 Rc8 28. Rc1 d4 29. Kf1 Bg5 30. Nxd4 Rxc1 31. Nxb3 Rc4 32. Ke2 Rb4 33. Nc5 Kf7 34. Ned3 Bxd3+ 35. Nxd3 Rb5 36. Ra7+ Kf6 37. b4 1-0

[Event "Steinfurt Bezirksliga 0708"]
[Site "Germany"]
[Date "2008.05.10"]
[Round "9.2"]
[White "Hartmann, Eugen"]
[Black "Baltes, Manfred"]
[Result "1/2-1/2"]
[WhiteElo "1635"]
[BlackElo "1513"]
[PlyCount "30"]
[EventDate "2007.09.22"]
[EventType "team-tourn"]
[EventRounds "9"]
[EventCountry "GER"]
[SourceTitle "EXT 2009"]
[Source "ChessBase"]
[SourceDate "2008.11.26"]
[SourceVersion "1"]
[SourceVersionDate "2008.11.26"]
[SourceQuality "1"]
[WhiteTeam "Ibbenbueren II"]
[BlackTeam "Steinfurt III"]
[WhiteTeamCountry "GER"]
[BlackTeamCountry "GER"]

1. d4 Nf6 2. c4 c5 3. e3 e6 4. Bd3 Nc6 5. Ne2 Nb4 6. 0-0 d5 7. Nbc3 Nxd3 8. Qxd3 dxc4 9. Qxc4 cxd4 10. Nxd4 Be7 11. Rd1 0-0 12. Nc6 Qc7 13. Nxe7+ Qxe7 14. b3 a6 15. Bb2 b5 1/2-1/2

[Event "Steinfurt Bezirksliga 0607"]
[Site "Germany"]
[Date "2007.04.28"]
[Round "9.7"]
[White "Fehlings, Gerd"]
[Black "Hartmann, Eugen"]
[Result "1-0"]
[WhiteElo "1734"]
[BlackElo "1694"]
[PlyCount "45"]
[EventDate "2006.09.09"]
[EventType "team-tourn"]
[EventRounds "9"]
[EventCountry "GER"]
[SourceTitle "EXT 2008"]
[Source "ChessBase"]
[SourceDate "2007.11.25"]
[SourceVersion "1"]
[SourceVersionDate "2007.11.25"]
[SourceQuality "1"]
[WhiteTeam "Emsdetten Rochade"]
[BlackTeam "Ibbenbueren II"]
[WhiteTeamCountry "GER"]
[BlackTeamCountry "GER"]

1. d4 c6 2. c4 d5 3. g3 dxc4 4. Bg2 Nf6 5. a4 Bf5 6. Nc3 e6 7. e4 Bg6 8. Nge2 Bb4 9. 0-0 Nbd7 10. Qc2 Bxc3 11. Nxc3 Nd5 12. Qe2 Nxc3 13. bxc3 b5 14. d5 cxd5 15. axb5 Nc5 16. Ba3 Nxe4 17. Qb2 Qa5 18. Bxe4 Bxe4 19. Bc5 Qc7 20. Qb4 Kd7 21. Ra6 Rhe8 22. Bd4 Reb8 23. Rc6 1-0

[Event "Steinfurt Bezirksliga 0607"]
[Site "Germany"]
[Date "2007.03.03"]
[Round "7.7"]
[White "Schmidtke, Heinrich"]
[Black "Hartmann, Eugen"]
[Result "1/2-1/2"]
[WhiteElo "1546"]
[BlackElo "1694"]
[PlyCount "37"]
[EventDate "2006.09.09"]
[EventType "team-tourn"]
[EventRounds "9"]
[EventCountry "GER"]
[SourceTitle "EXT 2008"]
[Source "ChessBase"]
[SourceDate "2007.11.25"]
[SourceVersion "1"]
[SourceVersionDate "2007.11.25"]
[SourceQuality "1"]
[WhiteTeam "Nordwalde II"]
[BlackTeam "Ibbenbueren II"]
[WhiteTeamCountry "GER"]
[BlackTeamCountry "GER"]

1. Nf3 c6 2. c4 d5 3. e3 Bg4 4. Be2 Nf6 5. b3 e6 6. Bb2 Bd6 7. h3 Bh5 8. 0-0 0-0 9. Ne5 Bxe2 10. Qxe2 Bxe5 11. Bxe5 Nbd7 12. Bh2 dxc4 13. bxc4 Qa5 14. d4 Rfd8 15. Nd2 Rac8 16. Nb3 Qa3 17. c5 b6 18. Rfc1 bxc5 19. Bd6 1/2-1/2

[Event "Steinfurt Bezirksliga 0607"]
[Site "Germany"]
[Date "2006.12.02"]
[Round "4.8"]
[White "Hartmann, Eugen"]
[Black "Gildehaus, Simon"]
[Result "0-1"]
[WhiteElo "1694"]
[BlackElo "1517"]
[PlyCount "82"]
[EventDate "2006.09.09"]
[EventType "team-tourn"]
[EventRounds "9"]
[EventCountry "GER"]
[SourceTitle "EXT 2008"]
[Source "ChessBase"]
[SourceDate "2007.11.25"]
[SourceVersion "1"]
[SourceVersionDate "2007.11.25"]
[SourceQuality "1"]
[WhiteTeam "Ibbenbueren II"]
[BlackTeam "Saerbeck II"]
[WhiteTeamCountry "GER"]
[BlackTeamCountry "GER"]

1. d4 d5 2. c4 e6 3. Nc3 Nf6 4. Bg5 Be7 5. e3 0-0 6. Nf3 Nbd7 7. c5 c6 8. b4 b6 9. Qa4 Bb7 10. Ba6 Qc8 11. Bxb7 Qxb7 12. Rb1 Qc8 13. a3 a5 14. b5 cxb5 15. Rxb5 bxc5 16. Kd2 c4 17. Rhb1 Ra7 18. Rxa5 Rxa5 19. Qxa5 Qa8 20. Qxa8 Rxa8 21. a4 h6 22. Bxf6 Bxf6 23. Rb7 Nb8 24. e4 Nc6 25. e5 Bd8 26. Kc2 Na5 27. Rd7 Nb3 28. Nb5 Kf8 29. Ra7 Rxa7 30. Nxa7 Bb6 31. Nc6 Ke8 32. Kc3 Kd7 33. Nb4 Kc7 34. Nc2 Kb7 35. Nb4 Bc7 36. Nd2 Nxd2 37. Kxd2 Ba5 38. Kc3 Kc7 39. f4 Kd7 40. g4 g6 41. h4 h5 0-1